书目信息 |
| 题名: |
大学计算机基础
|
|
| 作者: | 甘勇 编著 | |
| 分册: | ||
| 出版信息: | 北京 人民邮电出版社 2018 |
|
| 页数: | 226页 | |
| 开本: | 26cm | |
| 丛书名: | ||
| 单 册: | ||
| 中图分类: | TP3 | |
| 科图分类: | ||
| 主题词: | 电子计算机--dian zi ji suan ji--高等教育--教材 | |
| 电子资源: | ||
| ISBN: | 978-7-115-45154-5 | |
| 000 | 01181nam0 2200289 45 | |
| 001 | 012001003144 | |
| 005 | 20140101100453.0 | |
| 010 | @a978-7-115-45154-5@dCNY39.80 | |
| 099 | @aCAL 012017137201 | |
| 100 | @a20170828d2017 em y0chiy50 ea | |
| 101 | 0 | @achi |
| 102 | @aCN@b110000 | |
| 105 | @aa a 000yy | |
| 106 | @ar | |
| 200 | 1 | @a大学计算机基础@Ada xue ji suan ji ji chu@d= Introduction to college computer science@f甘勇等编著@zeng |
| 210 | @a北京@c人民邮电出版社@d2018 | |
| 215 | @a226页@c图@d26cm | |
| 300 | @a微课版 | |
| 320 | @a有书目 (第226页) | |
| 330 | @a全书共分13章, 主要内容包括: 计算机与信息技术基础、操作系统基础 (Windows 7) 、文字处理软件Word 2010、电子表格软件Excel 2010、演示文稿软件PowerPoint 2010、多媒体技术及应用、数据库基础、计算机网络与Internet应用基础、信息安全与职业道德、程序设计基础、网页制作、常用工具软件、计算机新技术简介。 | |
| 333 | @a“十二五”普通高等教育本科国家级规划教材 | |
| 510 | 1 | @aIntroduction to college computer science@zeng |
| 606 | 0 | @a电子计算机@Adian zi ji suan ji@x高等教育@j教材 |
| 690 | @aTP3@v5 | |
| 701 | 0 | @a甘勇@Agan yong@4编著 |
| 801 | 2 | @aCN@b北京卓展@c20191020 |
| 905 | @b1210545-6@dTP3@e1009@f2 | |
| 大学计算机基础= Introduction to college computer science/甘勇等编著.-北京:人民邮电出版社,2018 |
| 226页:图;26cm |
| 微课版.-使用对象:“十二五”普通高等教育本科国家级规划教材 |
| ISBN 978-7-115-45154-5:CNY39.80 |
| 全书共分13章, 主要内容包括: 计算机与信息技术基础、操作系统基础 (Windows 7) 、文字处理软件Word 2010、电子表格软件Excel 2010、演示文稿软件PowerPoint 2010、多媒体技术及应用、数据库基础、计算机网络与Internet应用基础、信息安全与职业道德、程序设计基础、网页制作、常用工具软件、计算机新技术简介。 |
| ● |
| 相关链接 |
|
|
|
|
正题名:大学计算机基础
索取号:TP3/1009
 
预约/预借
| 序号 | 登录号 | 条形码 | 馆藏地/架位号 | 状态 | 备注 |
| 1 | 1210545 | 212105452 | 第二样本阅览室/ [索取号:TP3/1009] | 在馆 | |
| 2 | 1210546 | 212105461 | 第三借阅区/ [索取号:TP3/1009] | 在馆 |